Andrómeda/ (Record no. 4138)

MARC details
000 -LEADER
campo de control de longitud fija 01170nam a22003857a 4500
003 - IDENTIFICADOR DE NÚMERO DE CONTROL
campo de control OSt
005 - FECHA Y HORA DE LA ÚLTIMA TRANSACCIÓN
campo de control 20230816142741.0
008 - DATOS DE LONGITUD FIJA--INFORMACIÓN GENERAL
campo de control de longitud fija 221006b |||||||| |||| 00| 0 eng d
040 ## - FUENTE DE CATALOGACIÓN
Centro/agencia transcriptor Biblioteca Lado V
082 ## - NÚMERO DE LA CLASIFICACIÓN DECIMAL DEWEY
Número de clasificación 700
Número de ítem P419a
100 ## - ENTRADA PRINCIPAL--NOMBRE DE PERSONA
9 (RLIN) 270
Nombre de persona Peña, Alfonso
Término indicativo de función/relación editor
245 ## - MENCIÓN DEL TÍTULO
Título Andrómeda/
260 ## - PUBLICACIÓN, DISTRIBUCIÓN, ETC.
Nombre del editor, distribuidor, etc. Media and Editorial Projects Ltd.
Fecha de publicación, distribución, etc. 1987
Lugar de publicación, distribución, etc. Costa Rica
300 ## - DESCRIPCIÓN FÍSICA
Dimensiones 21.5x28cm
Extensión 33p.
490 ## - MENCIÓN DE SERIE
Mención de serie 21
Designación de volumen o secuencia VII
505 ## - NOTA DE CONTENIDO CON FORMATO
Título EL DORADO
505 ## - NOTA DE CONTENIDO CON FORMATO
Título EUNICE ODIO
505 ## - NOTA DE CONTENIDO CON FORMATO
Título CARTA SOBRE LA MODERNIDAD
505 ## - NOTA DE CONTENIDO CON FORMATO
Título CENTROAMERICA HOY
505 ## - NOTA DE CONTENIDO CON FORMATO
Título ROBERTO SOSA
505 ## - NOTA DE CONTENIDO CON FORMATO
Título RELECTURA
505 ## - NOTA DE CONTENIDO CON FORMATO
Título LA ULTIMA HUIDA
505 ## - NOTA DE CONTENIDO CON FORMATO
Título LAS RUNAS
505 ## - NOTA DE CONTENIDO CON FORMATO
Título BECKET
505 ## - NOTA DE CONTENIDO CON FORMATO
Título LIBROS
505 ## - NOTA DE CONTENIDO CON FORMATO
Título NOTICIAS DEL MUNDO
505 ## - NOTA DE CONTENIDO CON FORMATO
Título PUBLICACIONES RECIBIDAS
650 ## - PUNTO DE ACCESO ADICIONAL DE MATERIA--TÉRMINO DE MATERIA
Fuente del encabezamiento o término Tesauro de Arte & Arquitectura
Término de materia o nombre geográfico como elemento de entrada ARTE
9 (RLIN) 703
650 ## - PUNTO DE ACCESO ADICIONAL DE MATERIA--TÉRMINO DE MATERIA
Fuente del encabezamiento o término Tesauro de Arte & Arquitectura
Término de materia o nombre geográfico como elemento de entrada LITERATURA
650 ## - PUNTO DE ACCESO ADICIONAL DE MATERIA--TÉRMINO DE MATERIA
Fuente del encabezamiento o término Tesauro de Arte & Arquitectura
Término de materia o nombre geográfico como elemento de entrada CULTURA
650 ## - PUNTO DE ACCESO ADICIONAL DE MATERIA--TÉRMINO DE MATERIA
Fuente del encabezamiento o término Tesauro de Arte & Arquitectura
Término de materia o nombre geográfico como elemento de entrada COLECCION
651 ## - PUNTO DE ACCESO ADICIONAL DE MATERIA--NOMBRE GEOGRÁFICO
Fuente del encabezamiento o término Tesauro de Arte & Arquitectura
Nombre geográfico COSTA RICA
700 ## - ENTRADA AGREGADA--NOMBRE PERSONAL
Nombre de persona Cerdaño, Rodolfo
Término indicativo de función/relación editor
942 ## - ELEMENTOS DE ENTRADA SECUNDARIOS (KOHA)
Fuente del sistema de clasificación o colocación Clasificación Decimal Dewey
Tipo de ítem Koha Libros
Parte de la signatura que corresponde a la clasificación (Parte de la clasificación) 700
Parte de la signatura que identifica el ejemplar (Parte del ítem) P419a
Suprimir en OPAC No
Holdings
Estatus retirado Estado de pérdida Fuente del sistema de clasificación o colocación Especificación de materiales (volumen encuadernado u otra parte) Estado de daño No para préstamo Colección Biblioteca de origen Biblioteca actual Fecha de adquisición Enumeración/cronología de publicación seriada Número de inventario Total de préstamos Signatura topográfica completa Código de barras Visto por última vez Precio de reemplazo Tipo de ítem Koha
    Clasificación Decimal Dewey VII     Revistas Biblioteca LadoV Biblioteca LadoV 16/08/2023 21 002410   700 P419a 002410 16/08/2023 16/08/2023 Libros